000
00324nam a2200121Ia 4500
008
190723s9999 xx 000 0 und d
020
_a
978-969-407-408-5
100
_a
Wajih-uddin Siddiqui
245
0
_a
Renaissance and Reformation of Islamic Society
260
_a
Karachi
_b
Royal Book
_c
2013
300
_a
231
942
_c
BK
999
_c
1259
_d
1259